000 00854cam a2200241 a 4500
001 TB12488
003 IN-BhIIT
005 20250728170516.0
008 000428s2001 okua b 001 0 eng
020 _a9781560800941
040 _aIN-BhIIT
041 _aeng
082 0 0 _a622.1592
_bYIL/S
100 1 _aYilmaz, Ozdoğan.
_eAuthor
_925949
245 1 0 _aSeismic data analysis :
_bprocessing, inversion, and interpretation of seismic data /
_cOz Yilmaz ; edited by Stephen M. Doherty.
260 _aTulsa, OK :
_bSociety of Exploration Geophysicists,
_c2010.
300 _axxxv, 2027 p. :
_bill. ;
_c29 cm.
500 _aRev. ed. of: Seismic data processing. 1987.
504 _aIncludes bibliographical references and index.
650 0 _aSeismic prospecting
_xData processing.
_925950
700 1 _aDoherty, Stephen M.
_eEditor
_925951
942 _cTB
999 _c15039
_d15039